000 00816nam a22002057a 4500
999 _c21017
_d21017
003 AR-CdUCM
008 190724b ||||| |||| 00| 0 spa d
040 _aMUNICIPALIDAD PROVINCIAL DEL CUSCO
_cBIBLIOTECA MUNICIPAL DEL CUSCO
082 _a985.5 /
_bV66
100 _aVillanueva Urteaga, Horacio
_95790
245 _aSimon Bolivar en el Cuzco /
260 _aVenezuela :
_bCaja de trabajo penitenciario,
_c1971.
300 _a103 páginas ;
_c23 cm.
440 _aBiblioteca venezolana de historia.
_n14
_943805
505 _acontenido : El Cuzco entre 1821-1825 -- Bolívar y el Cuzco -- En viaje -- Itinerario -- La llegada -- Fiestas y homenaje -- En Urubamba y Yucay -- La despedida -- Obra realizada -- Final ...
650 _aHistoria
_9136
650 _aCusco
_9772
942 _2ddc
_cLIBROS
945 _azta